01389 2200421 4500001002100000005001500021035002000036007000300056020002200059040002200081082001400103084001600117090002000133090002200153100003000175245020000205250002600405300002900431650003300460700002700493700003000520700002700550700002500577700003200602700002800634700002600662700002800688700003100716850001200747264003000759264001900789336002100808337003000829338002300859008004100882999002200923990002200945INLIS00000000085470920200303092424 a0010-0320000036ta a978-979-29-7166-8 aYOPDYOGbinderda04223a248.4 a248.4 BRO a aDEP 248.4 BRO a aCB-D.11 2018-36161 aBrown, Michael Lepenulis10aAsk for rain /cpenulis, Michael L Brown, Bill Johnson, John Kilpatrick, Tommy Tenney, James Goll, Banning Liebscher, Corey Russell, Don Nori Sr; penyusun, Larry Sparks; penerjemah, Tanto Handoko aCetakan pertama, 2018 axi, 243 halaman ;c24 cm 4aKehidupan beragama (Kristen)1 aJohnson, Billepenulis1 aKilpatrick, Johnepenulis1 aTenney, Tommyepenulis1 aGoll, Jamesepenulis1 aLiebscher, Banningepenulis1 aRussell, Coreyepenulis1 aNori Sr, Donepenulis1 aSparks, Larryepenyusun0 aTanto Handokoepenerjemah aYOPDYOG31aYogyakarta :bANDI,c201834a©2018 penulis 2rdacontentateks 2rdamediaatanpa perantara 2rdacarrieravolume200303t2018 yoi| g | ind d aCB-D.11/2018-3616 aCB-D.11/2018-3616